| 000 | 02818cam a2200409 a 4500 | ||
|---|---|---|---|
| 001 | 6238305 | ||
| 003 | OSt | ||
| 005 | 20211221152304.0 | ||
| 008 | 070221s2007 nyua 001 0 eng | ||
| 010 | _a 2007007213 | ||
| 020 | _a0071486607 (alk. paper) | ||
| 029 | 1 |
_aYDXCP _b2473467 |
|
| 035 | _a(OCoLC)ocm85018933 | ||
| 035 |
_a(OCoLC)85018933 _z(OCoLC)72470683 |
||
| 035 | _a(NNC)6238305 | ||
| 038 | _aKhadija | ||
| 040 |
_aDLC _cDLC _dYDXCP _dBAKER _dBTCTA _dC#P _dOrLoB-B |
||
| 050 | 0 | 0 |
_aTH438.4 _b.W65 2007 |
| 082 | 0 | 0 |
_a690.0684 _222 _bWOO |
| 100 | 1 |
_aWoolf, Murray B. _986877 |
|
| 245 | 1 | 0 |
_aFaster Construction Projects with CPM Scheduling / _cMurray B. Woolf. |
| 260 |
_aNew York : _bMcGraw Hill, _cc2007. |
||
| 300 |
_axliii, 412 p. : _bill. ; _c25 cm. |
||
| 500 | _aIncludes index. | ||
| 505 | 0 | 0 |
_g1. _tThe allure of the project schedule -- _g2. _tUnderstanding the scheduling theater -- _g3. _tWhy our schedules disappoint our customers -- _g4. _tThe changing style of project management -- _g5. _tThe new scheduling practice paradigm : specializations, positions, deliverables, and roles -- _g6. _tIntroduction to dilemma control -- _g7. _tIntroduction to momentology -- _g8. _tRecap of new concepts and terminology -- _g9. _tScheduling practice and faster projects -- _g10. _tAnatomy of a schedule -- _g11. _tWorking at cross-purposes -- _g12. _tConcerning schedule design -- _g13. _tConcerning schedule development -- _g14. _tSchedule components -- _g15. _tPerformance recording -- _g16. _tPerformance control -- _g17. _tCreating schedules they'll actually want to use! |
| 520 | 1 | _a"Faster Construction Projects with CPM Scheduling is a comprehensive review that gives you insight into the latest innovations in network-based project planning, scheduling, and control ... saving you time and money on all construction projects." "You'll find a full explanation of the new Scheduling Practice Paradigm, translated into tangible steps you can use to create powerful project schedules designed to boost productivity on any job. Completely compatible with the Collaborative Project Management Model, the new Scheduling Practice Paradigm provides commitment planning, execution scheduling, and comprehensive performance control."--BOOK JACKET. | |
| 563 | _aHB | ||
| 650 | 0 |
_aBuilding _xSuperintendence. _986878 |
|
| 650 | 0 |
_aProduction scheduling. _986879 |
|
| 650 | 0 |
_aCritical path analysis. _986880 |
|
| 856 | 4 | 2 |
_3Contributor biographical information _uhttp://www.loc.gov/catdir/enhancements/fy0708/2007007213-b.html |
| 856 | 4 | 2 |
_3Publisher description _uhttp://www.loc.gov/catdir/enhancements/fy0708/2007007213-d.html |
| 856 | 4 | 1 |
_3Table of contents only _uhttp://www.loc.gov/catdir/enhancements/fy0708/2007007213-t.html |
| 900 | _bTOC | ||
| 942 |
_2ddc _cBK |
||
| 948 | 1 |
_a20070822 _bc _cfra1 _dSCMC |
|
| 999 |
_c32153 _d32153 |
||